Planets in thirty seconds - Statistics

General Stats
  • This quiz has been taken 13 times
  • The average score is 8 of 8
Answer Stats
Answer % Correct
Jupiter
100%
Mars
100%
Neptune
100%
Venus
100%
Earth
92%
Saturn
92%
Uranus
92%
Mercury
85%
No matching quizzes found
Score Distribution
Percent of People with Each Score
Percentile by Number Answered
Your Score History
You have not taken this quiz